000 01812cam a2200325 i 4500
003 SA-RiAUC
005 20250408081312.0
008 250329s2006 su g f000r0 ara c
040 _aSA-DmIAFU
_bara
_cSA-RiAUC
_erda
043 _aa-su---
050 4 _b.M35 2006
082 0 4 _a220.7205
090 _a220.7205
_b م ج م
110 2 _aمجمع الملك فهد لطباعة المصحف الشريف.
_bالأمانة العامة
_eمؤلف.
245 1 0 _aكتيب تعريفي بمجلة البحوث والدراسات القرآنية ونبذة مختصرة عن أعمال المجمع العلمية /
_cالأمانة العامة، مجمع خادم الحرمين الشريفين الملك فهد لطباعة المصحف الشريف.
246 3 5 _aIntroduction to the-journal of Qur'anic research and studies
264 1 _a[المدينة المنورة] :
_bمجمع خادم الحرمين الشريفين الملك فهد لطباعة المصحف الشريف، الأمانة العامة،
_c2006
300 _aصفحة
336 _aنص
_btxt
_2rdacontent
_3كتاب
337 _aبدون وسيط
_bn
_2rdamedia
338 _aمجلد
_bnc
_2rdacarrier
610 2 7 _aمجمع الملك فهد لطباعة المصحف الشريف
_2aucnm
630 2 7 _aالقرآن
_xبحوث
_vدوريات
_2aucut
630 0 7 _aمجلة البحوث والدراسات القرآنية (المدينة المنورة)
_2aucut
650 7 _aطباعة المصاحف
_zالمدينة المنورة
_xجمعيات، إلخ.
_2aucsh
730 0 0 _aمجلة البحوث والدراسات القرآنية (المدينة المنورة)
856 4 _uhttp://10.0.0.80:201/Ar/60000000064556-1%20(2).pdf
942 _2ddc
_cBOOK
_n0
949 _aSA-JeALM
_d250329
_umohamedma123
_n1
999 _c6785
_d6785